000 004860000a22001690004500
003 MACL
005 20160101161307.0
008 160101b xxu||||| |||| 00| 0 eng d
040 _aMACL
_cMACL
041 _aEnglish
082 _a403/DOW
100 _aDowson, John
_926650
245 _aA Classical Dictionay of Hindu Mythology and Religion, Geography, History and, Literature
260 _bRoutledge & Kegan
_c1953
_aLondon
650 _aDictionary
_926651
942 _cBK
_k403/DOW
_2ddc
999 _c37727
_d37727